<?xml version="1.0" encoding="UTF-8"?>
<record
    xmlns:xsi="http://www.w3.org/2001/XMLSchema-instance"
    xsi:schemaLocation="http://www.loc.gov/MARC21/slim http://www.loc.gov/standards/marcxml/schema/MARC21slim.xsd"
    xmlns="http://www.loc.gov/MARC21/slim">

  <leader>01564nam a2200181 a 4500</leader>
  <controlfield tag="001">397</controlfield>
  <controlfield tag="003">CO-ViMGA</controlfield>
  <controlfield tag="008">141112s2004    ck      r     000 u spa d</controlfield>
  <datafield tag="040" ind1=" " ind2=" ">
    <subfield code="a">CO-ViMGA</subfield>
    <subfield code="b">spa</subfield>
    <subfield code="c">CO-ViMGA</subfield>
  </datafield>
  <datafield tag="082" ind1="0" ind2="4">
    <subfield code="a">616.5 M154</subfield>
  </datafield>
  <datafield tag="245" ind1="1" ind2="0">
    <subfield code="a">Manifestaciones cut&#xE1;neas de las enfermedades sistematicas : </subfield>
    <subfield code="b">atlas color y texto</subfield>
  </datafield>
  <datafield tag="260" ind1=" " ind2=" ">
    <subfield code="a">Buenos Aires : </subfield>
    <subfield code="b">Medica PanAm&#xE9;ricana, </subfield>
    <subfield code="c">1997</subfield>
  </datafield>
  <datafield tag="300" ind1=" " ind2=" ">
    <subfield code="a">424 p : il</subfield>
  </datafield>
  <datafield tag="505" ind1=" " ind2=" ">
    <subfield code="a">Enfermedades reum&#xE1;ticas Lupus eritematoso; Dermatomiositis; S&#xED;ndromes de superposici&#xF3;n; Enfermedad mixta del tejido conectivo Enfermedades vasculares P&#xFA;rpuras; Vasculitis; Livedos Enfermedades por dep&#xF3;sito, metabolicas y endocrinas Amiloidosis, Gota; Diabetes; Porfirias; 112 - - Aparato digestivo y alteraciones nutricionales Gastrointestinales; Enfermedades intestinales inflamatorias; S&#xED;ndrome de glucagonoma 157 - - Enfermedades cardiopulmonares Cutis laxa; Hipocratismo digital; Embolia de colesterol; Endocartitis infecciosa; 185 - - Enfermedades renales Enfermedades sistemicas renocut&#xE1;neas; manifestaciones cut&#xE1;neas en el trasplantado renal 194 - - Enfermedades cut&#xE1;neas de la inmunosupresi&#xF3;n SIDA; Neoplasias; Afecciones t&#xF3;xicas y alergicas 302 - - Enfermedades psicocut&#xE1;neas Condiciones inflienciadas por factores emocionales 336 - - Farmacodermias Clasificaci&#xF3;n de acuerdo con los mecanismos patogenicos 344 - - Dermatosis paraneopl&#xE1;sicas Dermatosis 392 - - Prurito Generalizado; Localizado; Psic&#xF3;geno 415  </subfield>
  </datafield>
  <datafield tag="650" ind1="1" ind2="4">
    <subfield code="a">ENFERMEDADES SISTEMICAS</subfield>
    <subfield code="9">48155</subfield>
  </datafield>
  <datafield tag="650" ind1="1" ind2="4">
    <subfield code="a">PIEL - ENFERMEDADES</subfield>
    <subfield code="9">48156</subfield>
  </datafield>
  <datafield tag="942" ind1=" " ind2=" ">
    <subfield code="2">ddc</subfield>
    <subfield code="c">BK</subfield>
  </datafield>
  <datafield tag="999" ind1=" " ind2=" ">
    <subfield code="c">12639</subfield>
    <subfield code="d">12639</subfield>
  </datafield>
  <datafield tag="952" ind1=" " ind2=" ">
    <subfield code="0">0</subfield>
    <subfield code="1">0</subfield>
    <subfield code="2">ddc</subfield>
    <subfield code="4">0</subfield>
    <subfield code="7">0</subfield>
    <subfield code="8">002</subfield>
    <subfield code="a">MEVIECAR</subfield>
    <subfield code="b">MEVIECAR</subfield>
    <subfield code="d">2015-12-04</subfield>
    <subfield code="h">Volumen. 1 | 11/jun/2009</subfield>
    <subfield code="l">0</subfield>
    <subfield code="o">616.5 M154 </subfield>
    <subfield code="p">00208</subfield>
    <subfield code="r">2015-12-04 00:00:00</subfield>
    <subfield code="t">Ej. 1</subfield>
    <subfield code="w">2015-12-04</subfield>
    <subfield code="y">BK</subfield>
  </datafield>
</record>
